000 00647nam a22002057a 4500
005 20251108171910.0
008 250721s2000 xx 000 0 ara d
082 1 4 _a659.1/بلل
100 1 _aبللوز، حنا
245 1 0 _aالإتصالات التسويقية المدمجة :
_bفن الترويج المؤثر /
264 1 _aدمشق :
_bدار الرضا للنشر،
_c2000.
300 _a148ص
490 0 _aسلسلة الرضا للمعلومات ؛ 113
650 1 7 _aالدعاية
650 1 7 _aالإعلان
650 1 7 _aإدارة المبيعات
650 1 7 _aالتسويق
942 _2ddc
_cBK
999 _c65460
_d65460